Dialóg s filozofiou

Bibliographic Details
Main Author: Fobelová, Daniela, 1954- (Author)
Format: Book
Language:Slovak
PhysicalDescription:81 s. 30 cm
Published: Banská Bystrica Univerzita Mateja Bela 1996
ISBN:8088825938
Subjects:

MARC

LEADER 00000nam a2200000 a 4500
001 vtls001277235
003 SK-MaSNL
005 20260425224850.0
008 240509s1996 xo a r y slo
015 |a SNBA1997/0501487 
020 |a 8088825938 
035 |a SNK000228499 
035 |a urn:nbn:sk:snk-amtj04 
035 |a urn:nbn:sk:snk-am00c6qy 
035 |a 13233842-0077-4732-9B4C-BFFA1191696B 
040 |a SNK  |b slo  |c SNK  |e AACR2 
041 0 |a slo 
044 |a xo  |c SK 
080 |a 1(075.8)  |2 1981 
245 0 |a Dialóg s filozofiou  |c Daniela Fobelová a kol. 
260 |a Banská Bystrica  |b Univerzita Mateja Bela  |c 1996 
300 |a 81 s.  |c 30 cm 
500 |a 110 výt. 
504 |a Bibliogr. odkazy 
650 0 7 |a filozofia  |2 SNK  |9 793 
655 7 |a Textbooks (higher)  |2 SNKPHeng  |9 276436 
655 7 |a učebnice vysokých škôl  |2 SNKPH  |9 70191 
700 1 |a Fobelová, Daniela,  |d 1954-  |4 aut  |9 204691 
919 |a 80-88825-93-8 
958 |a TL 
958 |a NB 
958 |a UV 
958 |a OND 
999 |c 627713  |d 629643 
952 |t P60, <03>, [BOOK], {603}  |a SNK  |b SNK  |y PREZ  |7 0  |p 17A0037246  |o snkSB 56572  |i snkKSP 1874/97  |0 0  |1 0  |4 0  |d 1997-02-26  |f 1  |l 0  |r 2025-04-02 00:00:00  |w 2026-02-23 
952 |t P60, <04>, [BOOK], {604}  |a SNK  |b SNK  |y VYP  |7 0  |p 17A0037247  |o snkSB 56572 D1  |i snkKSP 1875/97  |0 0  |1 0  |4 0  |d 1997-02-26  |l 0  |r 2005-01-02 00:00:00  |w 2026-02-23 
952 |t P60, <09>, [BOOK], {629}  |a SNK  |b SNK  |y NEVYP  |7 0  |o snkB 256  |i snk829/970227  |0 0  |1 0  |4 0  |d 1997-02-26  |l 0  |r 2005-01-02 00:00:00  |w 2026-02-23